ACM Computing Reviews

Saved in:
Bibliographic Details
Format: Serial
Published: 1991
Tags: Add Tag
No Tags, Be the first to tag this record!

MARC

LEADER 00000nas a22000003a 4500
001 stu63974
005 20141122003654.9
008 011106s1991----------------------------d
040 |a STU  |b slo 
041 0
245 |a ACM Computing Reviews 
260 |c 1991 
500 |a 1,3,4,6-12 /CH: 2,5 
500 |a 12 
773 0 |t ACM Computing Reviews :  |w stu_us_cat*stu59590  |x 0010-4884  |7 nnas 
996 |d Vol. 32, 1991  |v Vol. 32  |y 1991  |l EE0103  |s A  |a 24  |w stu63974_0001